| 000 | 00905nam a2200289 4500 | ||
|---|---|---|---|
| 003 | EG-GICUC | ||
| 005 | 20260508123506.0 | ||
| 008 | 260408b1904 ua|||||fr|||| 00| 0 fre d | ||
| 040 |
_a EG-GICUC _bfre _c EG-GICUC _d EG-GICUC _erda |
||
| 043 | _af-ua--- | ||
| 082 | 0 | 4 |
_221 _a343.1 |
| 092 | 0 | 4 | _221 |
| 099 | _aLaw1 10 343.1 Mi . N 1904 | ||
| 110 |
_aEgypt _bMinistere de la justice |
||
| 245 | 1 | 0 | _aNote explicative sur le Code pénal et le Code d'instruction criminelle |
| 264 | 1 |
_aLe Caire : _bImprimerie nationale, _c1904. |
|
| 300 |
_a189 Pages _c24 cm |
||
| 336 |
_2rda content _atext |
||
| 337 |
_2rda media _aComputer |
||
| 338 |
_2rda carrier _aOnline Resource |
||
| 650 | 1 | 4 |
_aDroit pénal général _2qrmak |
| 650 | 1 | 4 | _aLégislations pénales spéciales |
| 651 | 1 | _2qrmak | |
| 856 | 4 | 0 | _uhttps://fll.law.cu.edu.eg/fulltext/bks/B10-08240.pdf |
| 905 | _a17 | ||
| 942 |
_2ddc _n0 _cBK _e21 |
||
| 999 |
_c69534 _d69534 |
||